000 00398nam a2200145Ia 4500
008 230917s9999||||xx |||||||||||||| ||und||
040 _e81254
_aMAIN
041 _aEnglish
082 _a342.7 B851L
100 _aBuchanan, James M
245 4 _aThe limits of liberty: between anarchy and leviathan
260 _aChicago
_bUniversity of Chicago Press
_c1975
300 _axi, 210 p.
942 _cBK
999 _c220589
_d220589